The fast, asynchronous measurement of signals amplitude and phase / (Rekord nr 155)
| 000 -ETYKIETA REKORDU | |
|---|---|
| podpole kontrolne o stałej długości | 01529naa a2200253 i 4500 |
| 001 - NUMER KONTROLNY REKORDU | |
| podpole kontrolne | BPP |
| 003 - IDENTYFIKATOR NUMERU KONTROLNEGO REKORDU | |
| podpole kontrolne | BPK |
| 005 - DATA OSTATNIEJ MODYFIKACJI REKORDU | |
| podpole kontrolne | 20180427090751.0 |
| 008 - POLE O STAŁEJ DŁUGOŚCI - DANE KONTROLNE | |
| podpole kontrolne o stałej długości | 151102s2001 pl f |100 0 eng |
| 040 ## - ŹRÓDŁO KATALOGOWANIA | |
| Instytucja, która utworzyła rekord | BPK |
| 041 ## - KOD JĘZYKA | |
| Kod języka tekstu | eng |
| 044 ## - KOD KRAJU WYDAWCY/PRODUCENTA | |
| Kod kraju wydawcy/producenta | POL |
| 100 ## - NAZWA OSOBOWA | |
| Nazwa osobowa | MAJCHRZAK, Piotr. |
| Lata pracy | 1998 - . |
| Instytucja | Politechnika Koszalińska - Wydział Elektroniki, |
| Wydział | Katedra Inżynierii Komputerowej |
| 245 ## - TYTUŁ/ODPOWIEDZIALNOŚĆ | |
| Tytuł | The fast, asynchronous measurement of signals amplitude and phase / |
| Pozostałe elementy strefy tytułu i oznaczenia odpowiedzialności | Piotr Majchrzak, Zbigniew Suszyński, Robert Arsoba. |
| 260 ## - STREFA ADRESU WYDAWNICZEGO | |
| Data publikacji, dystrybucji/powstania dokumentu | 2001. |
| 500 ## - UWAGI OGÓLNE | |
| Tekst uwagi | Dane z Informatora o publikowanych wynikach prac naukowo-badawczych w 2001 roku Wydziału Elektroniki. |
| 520 ## - UWAGA DOTYCZĄCA TREŚCI DOKUMENTU | |
| Analiza dokumentacyjna, adnotacja itp. | This article describes "not full period" asynchronous method of the measuring amplitude and phase of the periodical photothermal signal of low frequency. This method can be used for the registration of the photothermal and infrared images. The method allows short-age of time od picture registration. |
| 655 #0 - TERMIN INDEKSOWY - OKREŚLENIE RODZAJU/FORMY DOKUMENTU | |
| Określnie rodzaju/formy dokumentu | Materiały konferencyjne. |
| 700 ## - HASŁO DODATKOWE - NAZWA OSOBOWA | |
| Nazwa osobowa | ARSOBA, Robert. |
| Lata pracy | 1996 - . |
| Instytucja | Politechnika Koszalińska - Wydział Elektroniki, |
| Wydział | Katedra Inżynierii Komputerowej |
| 700 ## - HASŁO DODATKOWE - NAZWA OSOBOWA | |
| Nazwa osobowa | SUSZYŃSKI, Zbigniew. |
| Lata pracy | 1996 - . |
| Instytucja | Politechnika Koszalińska - Wydział Elektroniki, |
| Wydział | Katedra Elektroniki Ciała Stałego |
| 711 ## - HASŁO DODATKOWE - NAZWA IMPREZY | |
| Nazwa imprezy | International Conference on Signals and Electronic Systems ICSES'2001 |
| Data imprezy | (2001 ; |
| Miejsce imprezy | Łódź, Polska). |
| Nazwa części/sekcji dzieła | ICSES'2002 |
| 773 ## - TYTUŁ DOKUMENTU MACIERZYSTEGO | |
| Wyrażenie wprowadzające | W : |
| Tytuł | International Conference on Signals and Electronic Systems. - |
| Informacje dotyczące relacji | 2001, s. 91-96 |
| 942 ## - HASŁO DODATKOWE - ELEMENTY(KOHA) | |
| Typ dokumentu | Artykuł |
| Schemat klasyfikacji | Uniwersalna klasyfikacja dziesiętna |
Brak dostępnych egzemplarzy.
